000
00250nam a22000857a 4500
008
160705b xxu||||| |||| 00| 0 eng d
100
_9
2262
_a
Eastern, H., et al
245
_a
Reminiscences of Swami Vivekananda
260
_a
Calcutta
_b
Advaita Ashrama
_c
1964
999
_c
1946
_d
1946